000 00590cam a22002171 4500
001 sa 67003380
003 DLC
005 20260227112338.0
008 830111s1966 ii 000 0 eng
010 _asa 67003380
035 _a(OCoLC)9119809
040 _aDLC
_cMoU
_dDLC
042 _apremarc
050 0 0 _aJQ552
_b.K3
100 1 _aKayani, Malik Rustam,
_d1902-1962.
245 1 0 _aHalf truths,
_cby M.R. Kayani.
250 _a[1st ed.]
260 _aLahore,
_bPakistan Writers' Co-operative Society
_c[1966]
300 _avii, 102 p.
_c23 cm.
650 0 _aCivil service
_zPakistan.
999 _c73825
_d73825